00620nam a2200181 a 4500008004100000020002300041245013900064260003000203300004600233650004600279700002200325700002300347700001900370700002200389003000100411005001700412040000900429  a0471298328 (pbk. ) 0aInteractive thermodynamics v 1.5c to accompany fundamentals of engineering thermodynamics /cMichael J, Morgan and Howard N. Shapiro. aNew York :bWiley,c1999. a28 p. :bill. ;c26 cm. +e compact disc. 0aThermodynamicsvProblems, exercises, etc.1 aMoran, Michael J.1 aShapiro, Howard N.1 aNelson, Ron M.1 aMoran, Michael J.20230123134440.0 cNUST